01058nas a2200277Ia 4500001002800000003001000028008004100038040002500079041001300104100002400117210002600141222002600167245006100193250001100254260000900265501012300274300001400397362001600411500007400427650002100501700001100522942000700533957000600540999003300546952020100579A50/R173-13183 [r000010531]IT-MiCISF161014c99999999xx |||||||||||| ||und|| aIT-MiCISFcIT-MiCISF aITALIANO aMartorelli Maurizio aIl bambino incompiuto aIl bambino incompiuto 0aFattori psicologici e sociali dell'insuccesso scolastico a1a ed. c1993 bCISF - Centro Internazionale Studi Famiglia - Via Giotto, 36 20145 MILANO (non commercial uses only)cCopyright 2016 app. 43-49 an. 1 [1993] a Tema: scuola, bambini, conflitto, servizi-sociali, problemi-infanzia aSCUOLAvarticolo aAA.VV. cCR 71 a13183bSig1c223853d223853 0010406A_50_000000000000000_R17313183_R00001053171aCISFbCISFd2016-10-14l0oA50/R173-13183 [r000010531]r2016-10-14 00:00:00w2016-10-14yCRzData import 15.10.2016 / by Epidotti, Vaglietti